Wireless sensor networks / (Record no. 8790)

MARC details
000 -LEADER
fixed length control field 01213nac a22003011u 4500
010 ## - LIBRARY OF CONGRESS CONTROL NUMBER
LC control number 2006927148
020 ## - INTERNATIONAL STANDARD BOOK NUMBER
International Standard Book Number 9780387352695 (softcover : alk. paper)
020 ## - INTERNATIONAL STANDARD BOOK NUMBER
International Standard Book Number 0387352694 (softcover : alk. paper)
020 ## - INTERNATIONAL STANDARD BOOK NUMBER
International Standard Book Number 1402078846 (ebook)
082 ## - DEWEY DECIMAL CLASSIFICATION NUMBER
Classification number 004.68
Item number WIR
090 ## - LOCALLY ASSIGNED LC-TYPE CALL NUMBER (OCLC); LOCAL CALL NUMBER (OCLC)
-- 8790
-- 8790
100 ## - MAIN ENTRY--PERSONAL NAME
Personal name 20080729
245 00 - TITLE STATEMENT
Title Wireless sensor networks /
Statement of responsibility, etc Edited by C.S. Raghavendra, Krishna M. Sivalingam, Taieb Znati.
260 ## - PUBLICATION, DISTRIBUTION, ETC. (IMPRINT)
Place of publication, distribution, etc New York :
Name of publisher, distributor, etc Springer,2006.
Date of publication, distribution, etc c2006.
300 ## - PHYSICAL DESCRIPTION
Extent xv,426 p.
Other physical details ill.;
Dimensions 24 cm.
500 ## - GENERAL NOTE
General note Distributer: Bacca
504 ## - BIBLIOGRAPHY, ETC. NOTE
Bibliography, etc Includes bibliographical references and index.
511 ## - PARTICIPANT OR PERFORMER NOTE
Participant or performer note Catalogued by: Sara
650 ## - SUBJECT ADDED ENTRY--TOPICAL TERM
Topical term or geographic name as entry element Sensor networks.
650 ## - SUBJECT ADDED ENTRY--TOPICAL TERM
Topical term or geographic name as entry element Wireless LANs.
700 ## - ADDED ENTRY--PERSONAL NAME
Personal name Raghavendra, C.S.
700 ## - ADDED ENTRY--PERSONAL NAME
Personal name Sivalingam, Krishna M.
700 ## - ADDED ENTRY--PERSONAL NAME
Personal name Znati, Taieb
856 42 - ELECTRONIC LOCATION AND ACCESS
Materials specified Publisher description
Uniform Resource Identifier <a href="http://www.loc.gov/catdir/enhancements/fy0825/2006927148-d.html">http://www.loc.gov/catdir/enhancements/fy0825/2006927148-d.html</a>
856 42 - ELECTRONIC LOCATION AND ACCESS
Materials specified Table of contents only
Uniform Resource Identifier <a href="http://www.loc.gov/catdir/enhancements/fy0825/2006927148-t.html">http://www.loc.gov/catdir/enhancements/fy0825/2006927148-t.html</a>
942 ## - ADDED ENTRY ELEMENTS (KOHA)
Item type Book - Borrowing
Call number prefix 004.68WIR
Holdings
Withdrawn status Item status Damaged status Not for loan Home library Current library Shelving location Date acquired Source of acquisition Total Checkouts Total Renewals Full call number Barcode Date last seen Date last borrowed Cost, replacement price Koha item type
        Central Library Central Library Lower Floor 24/03/2008 Purchase 5 32 004.68WIR 000010742 15/07/2025 09/11/2016 432.00 Book - Borrowing